000 00486nam a2200181Ia 4500
001 8988
005 20260306160650.0
008 260306t2011||||xx |||||||||||||| ||spa||
041 _aESP
082 _a372.21
_bL87
100 _aLópez Cassá, Élia
_eAUT
245 0 _aEducar las emociones en la infancia (de 0 a 6 años):
_breflexiones y propuestas prácticas
260 _c2011
300 _a130 páginas :
_c23 cm.
650 _aGEN
654 _aCED
942 _cLIB
_dJUS
_fJUS
_2ddc
_n
999 _c8988
_d8988